| 000 | 00894nam a2200265 4500 | ||
|---|---|---|---|
| 003 | OSt | ||
| 005 | 20260530115302.0 | ||
| 008 | 260421b2004 ec a|||| |||| 00| 0 spa d | ||
| 020 | _a9978438963 | ||
| 040 |
_aICI _bspa _cICI |
||
| 050 | 4 |
_aNA889 _bG83 2004 |
|
| 100 | 1 |
_aGuayasamín, Handel _eautor |
|
| 245 | 1 | 0 |
_aHandel Guayasamín _barquitecto : libro de obra _cHandel Guayasamín |
| 246 | 3 | 0 | _aLibro de obra |
| 250 | _aPrimera edición | ||
| 264 | 1 |
_a Quito, Ecuador : _b[Editorial Abya Yala], _c2004 |
|
| 300 |
_a345 páginas _bilustraciones (principalmente ilustrado) |
||
| 336 |
_atexto _2rdacontent |
||
| 337 |
_asin medio _2rdamedia |
||
| 338 |
_avolumen _2rdacarrier |
||
| 600 | 1 | 4 |
_aGuayasamín, Handel _vCatálogos _931426 |
| 650 | 4 |
_aArquitectos _vCatálogos _y Siglo XX _z Ecuador _931427 |
|
| 650 | 4 |
_aArquitectura _vCatálogos _ySiglo XX _zEcuador _931428 |
|
| 942 |
_2lcc _cBK _n1 |
||
| 999 |
_c12920 _d12920 |
||